| 000 | 00710nam a2200241 a 4500 | ||
|---|---|---|---|
| 005 | 20210219153041.0 | ||
| 008 | 991125n 000 0 u | ||
| 035 | _aUPN01000074762 | ||
| 100 | _aMizuko, Mark | ||
| 222 | _aJOURNAL OF SPEECH, LANGUAGE, AND HEARING RESEARCH | ||
| 245 | _aThe effect of direct selection and circular scanning on visual sequential recall | ||
| 300 | _a43-48 | ||
| 362 | _a34, No. 1, 1991 | ||
| 505 | _aOctubre 1991 | ||
| 653 | 0 | _aCOMUNICACION NO VERBAL | |
| 653 | 0 | _aEDUCACION PREESCOLAR | |
| 653 | 0 | _aHABILIDAD COMUNICATIVA | |
| 653 | 0 | _aPERCEPCION VISUAL | |
| 653 | 0 | _aRECORDAR (PSICOLOGIA) | |
| 700 | _aEsser, Joan | ||
| 904 |
_aAC _b012573 |
||
| 905 | _aArticulo | ||
| 999 |
_c67106 _d67106 |
||